<?xml version="1.0" encoding="UTF-8"?><?xml-stylesheet type="text/xsl" href="static/style.xsl"?><OAI-PMH xmlns="http://www.openarchives.org/OAI/2.0/" xmlns:xsi="http://www.w3.org/2001/XMLSchema-instance" xsi:schemaLocation="http://www.openarchives.org/OAI/2.0/ http://www.openarchives.org/OAI/2.0/OAI-PMH.xsd"><responseDate>2026-04-17T01:32:55Z</responseDate><request verb="GetRecord" identifier="oai:www.recercat.cat:2117/105923" metadataPrefix="marc">https://recercat.cat/oai/request</request><GetRecord><record><header><identifier>oai:recercat.cat:2117/105923</identifier><datestamp>2025-07-23T04:31:06Z</datestamp><setSpec>com_2072_1033</setSpec><setSpec>col_2072_452951</setSpec></header><metadata><record xmlns="http://www.loc.gov/MARC21/slim" xmlns:dcterms="http://purl.org/dc/terms/" xmlns:xsi="http://www.w3.org/2001/XMLSchema-instance" xmlns:doc="http://www.lyncode.com/xoai" xsi:schemaLocation="http://www.loc.gov/MARC21/slim http://www.loc.gov/standards/marcxml/schema/MARC21slim.xsd">
   <leader>00925njm 22002777a 4500</leader>
   <datafield ind2=" " ind1=" " tag="042">
      <subfield code="a">dc</subfield>
   </datafield>
   <datafield ind2=" " ind1=" " tag="720">
      <subfield code="a">Abellán Suárez, Lorena</subfield>
      <subfield code="e">author</subfield>
   </datafield>
   <datafield ind2=" " ind1=" " tag="260">
      <subfield code="c">2017-05-15</subfield>
   </datafield>
   <datafield ind2=" " ind1=" " tag="520">
      <subfield code="a">El presente proyecto está redactado a partir de un prácticum realizado en un despacho de arquitectura, formado&#xd;
por un equipo de técnicos con más de 20 años de experiencia en el sector de la arquitectura y la edificación y que&#xd;
en los últimos años se dedican principalmente a la rehabilitación.&#xd;
El prácticum se realizó entre los meses de setiembre de 2016 a marzo de 2017, tiempo para tener un primer&#xd;
contacto en el sector, y tener una primera imagen del funcionamiento y la metodología de trabajo en un despacho&#xd;
de arquitectos.&#xd;
Para ir adquiriendo las competencias profesionales, fui partícipe en diferentes fases de algunos proyectos, según&#xd;
las necesidades de cada uno de ellos, desde las visitas de inspecciones técnicas en los edificios con la redacción del&#xd;
documento, hasta la redacción del estado de mediciones, pasando por el levantamiento de planos, con la finalidad&#xd;
de ir aprendiendo paulatinamente cada una de las competencias.&#xd;
El núcleo del presente proyecto está estructurado en varios apartados, siendo cada uno de éstos un edificio distinto.&#xd;
Cada edificio presenta una identificación del objeto de trabajo de ese proyecto, una breve descripción de las&#xd;
envolventes y acabados del edificio y un apartado donde se redacta la situación inicial del edificio, la zona a&#xd;
intervenir y los trabajos en que he realizado en cada uno de ellos (subrayados en azul). En algunos edificios hay&#xd;
trabajos en los cuales no he participado activamente (subrayados en gris) pero considero necesario explicarlos para&#xd;
la comprensión de la intervención del edificio.&#xd;
Para finalizar, cada uno de los apartados contiene una pequeña conclusión, donde queda reflejada una crítica&#xd;
personal sobre el desarrollo y la ejecución de los trabajos realizados.</subfield>
   </datafield>
   <datafield tag="653" ind2=" " ind1=" ">
      <subfield code="a">Àrees temàtiques de la UPC::Edificació::Gestió d'obres</subfield>
   </datafield>
   <datafield tag="653" ind2=" " ind1=" ">
      <subfield code="a">Housing rehabilitation</subfield>
   </datafield>
   <datafield tag="653" ind2=" " ind1=" ">
      <subfield code="a">Construcció -- Direcció d'obres</subfield>
   </datafield>
   <datafield tag="653" ind2=" " ind1=" ">
      <subfield code="a">Rehabilitació de l'habitatge -- Catalunya -- Barcelona</subfield>
   </datafield>
   <datafield tag="653" ind2=" " ind1=" ">
      <subfield code="a">Rehabilitació de l'habitatge -- Catalunya -- Premià de Mar</subfield>
   </datafield>
   <datafield ind2="0" ind1="0" tag="245">
      <subfield code="a">Intervenció en rehabilitació</subfield>
   </datafield>
</record></metadata></record></GetRecord></OAI-PMH>